000
00301nam a2200121 a 4500
005
20140414131923.0
008
101026s19uu xx 00 eng d
050
_a
ER
_b
F49 2003
100
_a
Sperring, Mark
245
_a
Find-a-saurus.
260
_b
Scholastic ,
_c
2003.
_a
New York :
999
_c
111877
_d
111877